Joy An
[moderator voice] yes that is so tenpointscore! is your team feeling bonuspilled?
Categories
Beliefs | 1 | 3 | 0 | 1 | 45 | 78 | 118.50 | 0 | 2 |
Fine Arts - Visual Fine Arts | 1 | 1 | 0 | 0 | 25 | 63 | 82.50 | 0 | 1 |
History - Other History | 0 | 2 | 0 | 2 | 20 | 111 | 122.50 | 0 | 1 |
Literature - American Literature | 1 | 0 | 0 | 0 | 15 | 52 | 52.00 | 1 | 1 |
History - World History | 0 | 1 | 0 | 1 | 10 | 168 | 168.00 | 0 | 0 |
Literature - British Literature | 0 | 1 | 0 | 0 | 10 | 128 | 128.00 | 0 | 1 |
Literature - European Literature | 0 | 1 | 0 | 0 | 10 | 117 | 117.00 | 0 | 0 |
Fine Arts - Classical Music and Opera | 0 | 0 | 0 | 0 | 0 | 0.00 | 0 | 0 | |
Science - Other Science | 0 | 0 | 2 | 0 | -10 | 0.00 | 0 | 0 |